S.O.S. - ABBA (All Lyrics) - Statistics

General Stats
  • This quiz has been taken 2,949 times
    105 since last reset
  • The average score is 214 of 241
Answer Stats
Answer % Correct
I
100%
so
99%
So
99%
S.O.S.
99%
you,
99%
you
99%
You
99%
can
97%
hear
97%
me,
96%
me?
96%
me.
96%
me
96%
when
96%
When
96%
go
94%
to
94%
can't
93%
The
93%
the
93%
your
93%
how
91%
love,
91%
love
91%
on?
91%
try
91%
try,
91%
are
90%
carry
90%
darling,
90%
gone,
90%
you're
90%
even
89%
gave
89%
nothing
87%
save
87%
What
87%
near
86%
near.
86%
It
84%
it
84%
Where
84%
be
83%
those
83%
days,
81%
our
81%
they
81%
else
80%
far
79%
good.
79%
have
79%
tried
79%
used
79%
seem
77%
but
76%
find.
76%
for
76%
happy
76%
though
76%
hard
74%
mind.
74%
away,
73%
happened
73%
make
71%
reach
71%
understood.
71%
wish
71%
nice,
70%
standing
70%
closed
66%
Whatever
66%
died
61%
feel
61%
were
60%
fear.
59%
something
59%
alive,
57%
really
57%
made
56%
And
53%
seemed
43%
up.
41%
No matching quizzes found
Score Distribution
Percent of People with Each Score
Percentile by Number Answered
Your Score History
You have not taken this quiz since the last reset